Komunitárna iniciatíva URBAN II
Otázka sídelného rozvoja v Európskej únii nadobúda v posledných rokoch politicky významnejšie postavenie. Sídlam a ich rozvoju je prikladaný čoraz väčší význam v rámci regionálnej a kohéznej politiky. Cieľom je zvyšovanie konkurencieschopnosti európskych miest, boj proti sociálnej exklúzii a regener...
Salvato in:
| Autore principale: | |
|---|---|
| Natura: | Capitolo di libro |
| Lingua: | slovacco |
| Soggetti: | |
| Tags: |
Nessun Tag, puoi essere il primo ad aggiungerne!!
|
MARC
| LEADER | 00000naa$a2200000$$$4500 | ||
|---|---|---|---|
| 001 | 0057302 | ||
| 005 | 20240502071639.3 | ||
| 041 | 0 | |a slo | |
| 044 | |a SK | ||
| 245 | 1 | 0 | |a Komunitárna iniciatíva URBAN II |c Miroslav Mojžiš |
| 520 | |a Otázka sídelného rozvoja v Európskej únii nadobúda v posledných rokoch politicky významnejšie postavenie. Sídlam a ich rozvoju je prikladaný čoraz väčší význam v rámci regionálnej a kohéznej politiky. Cieľom je zvyšovanie konkurencieschopnosti európskych miest, boj proti sociálnej exklúzii a regenerácia a rozvoj mestského životného prostredia. Genéza komunitárnej iniciatívy URBAN - pilotné programy, URBAN I. Charakteristika programu URBAN II. Program bol aplikovaný v 70. lokalitách. Implementácia iniciatívy URBAN II v mestách Göteborg, Dortmund, Berlín, Miláno. Finančný mechanizmus programu URBAN II na roky 2000-2006. Hodnotenie kvality života v mestách. Mechanizmus auditu sídiel, skúsenosti. Zapojenie Slovenska v rozpočtovom období 2007-2013. | ||
| 610 | 2 | 0 | |a urbanizácia |
| 610 | 2 | 0 | |a mestá |
| 610 | 2 | 0 | |a Európska únia |
| 610 | 2 | 0 | |a programy rozvojové |
| 610 | 2 | 0 | |a podmienky životné |
| 610 | 2 | 0 | |a zamestnanosť |
| 610 | 2 | 0 | |a podnikanie |
| 610 | 2 | 0 | |a politika sociálna |
| 610 | 2 | 0 | |a Slovensko |
| 100 | 1 | |a Mojžiš, Miroslav | |